Ingredients of F.I.R/ (Record no. 612954)
[ view plain ]
| 000 -LEADER | |
|---|---|
| fixed length control field | 00330nam a22001217a 4500 |
| 082 ## - DEWEY DECIMAL CLASSIFICATION NUMBER | |
| Classification number | 347.95491 |
| Author Mark | ZAF |
| 100 ## - MAIN ENTRY--PERSONAL NAME | |
| Personal name | Zafar, Chaudhary Muhammad |
| 245 ## - TITLE STATEMENT | |
| Title | Ingredients of F.I.R/ |
| Statement of responsibility, etc. | Chaudhary Muhammad Zafar |
| 260 ## - PUBLICATION, DISTRIBUTION, ETC. | |
| Name of publisher, distributor, etc. | Kazim Law Book House, |
| Date of publication, distribution, etc. | 2023. |
| 300 ## - PHYSICAL DESCRIPTION | |
| Extent | 298p. : |
| Dimensions | 24cm. |
| 650 ## - SUBJECT ADDED ENTRY--TOPICAL TERM | |
| Topical term or geographic name entry element | LAW |
| 942 ## - ADDED ENTRY ELEMENTS (KOHA) | |
| Source of classification or shelving scheme | |
| Koha item type | Book |
| 650 ## - SUBJECT ADDED ENTRY--TOPICAL TERM | |
| -- | 35302 |
| Withdrawn status | Lost status | Source of classification or shelving scheme | Damaged status | Not for loan | Permanent Location | Current Location | Date acquired | Source of acquisition | Total Checkouts | Full call number | Barcode | Date last seen | Price effective from | Koha item type |
|---|---|---|---|---|---|---|---|---|---|---|---|---|---|---|
| NUST Law School (NLS) | NUST Law School (NLS) | 02/25/2025 | Federal Law House | 347.95491 ZAF | NLS-38 | 02/25/2025 | 02/25/2025 | Book | ||||||
| NUST Law School (NLS) | NUST Law School (NLS) | 02/25/2025 | Federal Law House | 347.95491 ZAF | NLS-39 | 02/25/2025 | 02/25/2025 | Book | ||||||
| NUST Law School (NLS) | NUST Law School (NLS) | 02/25/2025 | Federal Law House | 347.95491 ZAF | NLS-40 | 02/25/2025 | 02/25/2025 | Book | ||||||
| NUST Law School (NLS) | NUST Law School (NLS) | 06/28/2025 | 347.95491 ZAF | NLS-2481 | 06/28/2025 | 06/28/2025 | Book | |||||||
| NUST Law School (NLS) | NUST Law School (NLS) | 06/28/2025 | 347.95491 ZAF | NLS-2482 | 06/28/2025 | 06/28/2025 | Book | |||||||
| NUST Law School (NLS) | NUST Law School (NLS) | 06/28/2025 | 347.95491 ZAF | NLS-2483 | 06/28/2025 | 06/28/2025 | Book |
